000 01104cam a22001814a 4500
005 20250605164355.0
008 250528s ||||||||||||||||||||||||d
035 _a24295
040 _aGR-AtMCL
_bgre
_dGR-AtMCL
_eAACR2
245 1 _aΣπουδαί - Spoudai / Βραβείο Ακαδημίας Αθηνών - An Academy of Athens Award
260 _bΕπτάλοφος,
_c2005
300 _a128
520 _aThe Nobel Prizes in Economics, The Winners of the Nobel Prize in Economics, Sustainable Competitive Advantage in Turbulent Environments: An Integrative Model of the Industrial Economies and Resource-Based Theories in Strategic Management, Determining the Order of Differencing and the true Generating Model Using Information Criteria for Arima and AR Processes, Corporate Leverage Preferences: Some Evidence from Greek Firms, An Empirical Investigation on the Capital Structure Determinants of Companies Listed in the Greek Stock Exchange, E-Logistics Formation Factors.
700 1 _aΑλογοσκούφης Γιώργος
_97351
942 _cCR
999 _c9185
_d9185